000 00624cam a2200181 a 4500
020 _a0821340557 (pbk.)
082 0 0 _a382.30968
_bCOM
_cD
100 1 _aRowat, Malcolm,
_938333
245 0 0 _aCompetition policy and MERCOSUR /
_cMalcolm Rowat, Michele Lubrano, Rafael Porrata.
260 _aWashington, D.C. :
_bWorld Bank,
_c1997.
300 _axviii, 110 p. ;
_c28 cm.
526 _a0
_b0
_c0
_d382_309680000000000_COM
650 0 _aCompetition
_xGovernment policy
_zSouthern Cone of South America.
_938334
650 0 _aMCE
_9379
700 1 _aLubrano, Michele.
_938335
700 1 _aPorrata, Rafael.
_938336
942 _2ddc
_cBK
999 _c542953
_d542953